[Event "DEM U16w 2025"]
[Site "Willingen GER"]
[Date "2025.06.08"]
[Round "2"]
[White "Dodul, Alice"]
[Black "Weng, Yueyi Elina"]
[Result "0-1"]
[Termination "normal"]
[Board "12"]
[WhiteElo "1749"]
[BlackElo "1805"]
[WhiteClock "00:17:40"]
[BlackClock "00:09:58"]
[PlyCount "84"]
[WhiteFideId "34623817"]
[BlackFideId "34639896"]
[EventCountry "GER"]
[EventRounds "9"]
[EventType "swiss"]
[EventDate "2025.06.07"]

1. e4 {[%clk 01:30:57]} {[%emt 00:00:03]} c6 {[%clk 01:30:52]} {[%emt
00:00:09]} 2. c4 {[%clk 01:31:20]} {[%emt 00:00:06]} d5 {[%clk 01:31:13]}
{[%emt 00:00:10]} 3. exd5 {[%clk 01:31:44]} {[%emt 00:00:06]} cxd5 {[%clk
01:31:38]} {[%emt 00:00:05]} 4. cxd5 {[%clk 01:32:04]} {[%emt 00:00:09]} Nf6
{[%clk 01:32:00]} {[%emt 00:00:08]} 5. Nc3 {[%clk 01:32:26]} {[%emt 00:00:08]}
Nxd5 {[%clk 01:31:47]} {[%emt 00:00:44]} 6. Nf3 {[%clk 01:32:45]} {[%emt
00:00:10]} a6 {[%clk 01:26:35]} {[%emt 00:05:43]} 7. Bc4 {[%clk 01:30:43]}
{[%emt 00:02:31]} Nf6 {[%clk 01:25:20]} {[%emt 00:01:45]} 8. O-O {[%clk
01:29:51]} {[%emt 00:01:21]} e6 {[%clk 01:25:08]} {[%emt 00:00:44]} 9. d4
{[%clk 01:29:35]} {[%emt 00:00:45]} Bd6 {[%clk 01:24:45]} {[%emt 00:00:53]} 10.
Bg5 {[%clk 01:28:57]} {[%emt 00:01:07]} Nbd7 {[%clk 01:22:29]} {[%emt
00:02:47]} 11. d5 {[%clk 01:24:49]} {[%emt 00:04:38]} Nb6 {[%clk 01:15:36]}
{[%emt 00:07:22]} 12. Bb3 {[%clk 01:19:26]} {[%emt 00:05:54]} exd5 {[%clk
01:06:12]} {[%emt 00:09:55]} 13. Re1+ {[%clk 01:17:00]} {[%emt 00:02:55]} Be6
{[%clk 01:05:42]} {[%emt 00:01:00]} 14. Nxd5 {[%clk 01:14:28]} {[%emt
00:03:03]} Nbxd5 {[%clk 01:04:53]} {[%emt 00:01:20]} 15. Bxd5 {[%clk 01:13:18]}
{[%emt 00:01:39]} Bxh2+ {[%clk 00:59:41]} {[%emt 00:05:41]} 16. Kxh2 {[%clk
01:12:37]} {[%emt 00:01:11]} Qxd5 {[%clk 00:59:56]} {[%emt 00:00:15]} 17. Bxf6
{[%clk 01:11:33]} {[%emt 00:01:34]} Qxd1 {[%clk 00:58:32]} {[%emt 00:01:54]}
18. Raxd1 {[%clk 01:11:36]} {[%emt 00:00:27]} gxf6 {[%clk 00:58:51]} {[%emt
00:00:11]} 19. Nd4 {[%clk 01:11:24]} {[%emt 00:00:42]} Ke7 {[%clk 00:57:04]}
{[%emt 00:02:16]} 20. f4 {[%clk 01:10:55]} {[%emt 00:00:59]} f5 {[%clk
00:52:20]} {[%emt 00:05:15]} 21. Nxf5+ {[%clk 01:10:22]} {[%emt 00:01:03]} Kf6
{[%clk 00:52:39]} {[%emt 00:00:10]} 22. Ng3 {[%clk 01:07:12]} {[%emt 00:03:40]}
Rhd8 {[%clk 00:49:57]} {[%emt 00:03:14]} 23. Rxd8 {[%clk 00:52:10]} {[%emt
00:15:32]} Rxd8 {[%clk 00:50:08]} {[%emt 00:00:19]} 24. Nh5+ {[%clk 00:51:15]}
{[%emt 00:01:24]} Kg6 {[%clk 00:49:04]} {[%emt 00:01:33]} 25. Re5 {[%clk
00:49:25]} {[%emt 00:02:21]} Rd5 {[%clk 00:48:07]} {[%emt 00:01:27]} 26. Rxd5
{[%clk 00:48:42]} {[%emt 00:01:13]} Bxd5 {[%clk 00:48:28]} {[%emt 00:00:09]}
27. g4 {[%clk 00:47:37]} {[%emt 00:01:34]} Bxa2 {[%clk 00:48:18]} {[%emt
00:00:41]} 28. Ng3 {[%clk 00:44:27]} {[%emt 00:03:40]} b5 {[%clk 00:47:21]}
{[%emt 00:01:27]} 29. Ne4 {[%clk 00:44:11]} {[%emt 00:00:45]} a5 {[%clk
00:40:47]} {[%emt 00:07:06]} 30. Kg3 {[%clk 00:41:12]} {[%emt 00:03:28]} Bb1
{[%clk 00:38:47]} {[%emt 00:02:30]} 31. Nc5 {[%clk 00:35:37]} {[%emt 00:06:07]}
Bc2 {[%clk 00:37:44]} {[%emt 00:01:30]} 32. Nd7 {[%clk 00:32:28]} {[%emt
00:03:40]} f6 {[%clk 00:34:04]} {[%emt 00:04:11]} 33. Nb6 {[%clk 00:30:42]}
{[%emt 00:02:15]} Be4 {[%clk 00:28:55]} {[%emt 00:05:38]} 34. Kf2 {[%clk
00:28:46]} {[%emt 00:02:27]} h5 {[%clk 00:26:42]} {[%emt 00:02:43]} 35. gxh5+
{[%clk 00:29:03]} {[%emt 00:00:13]} Kxh5 {[%clk 00:27:03]} {[%emt 00:00:09]}
36. Ke3 {[%emt 00:01:46]} Bc6 37. Nc8 {[%clk 00:27:24]} {[%emt 00:01:15]} Kg4
{[%clk 00:23:52]} {[%emt 00:03:49]} 38. Nd6 {[%clk 00:25:50]} {[%emt 00:02:04]}
a4 {[%clk 00:22:48]} {[%emt 00:01:35]} 39. Kd4 {[%clk 00:24:02]} {[%emt
00:02:16]} b4 {[%clk 00:14:11]} {[%emt 00:09:08]} 40. Kc4 {[%clk 00:20:34]}
{[%emt 00:03:58]} b3 {[%clk 00:11:58]} {[%emt 00:02:43]} 41. Kb4 {[%clk
00:18:34]} {[%emt 00:02:30]} Kxf4 {[%clk 00:10:46]} {[%emt 00:01:42]} 42. Nc4
{[%clk 00:17:40]} {[%emt 00:01:23]} f5 {[%clk 00:09:58]} {[%emt 00:01:20]} 0-1

[Event "DEM U16w 2025"]
[Site "Willingen GER"]
[Date "2025.06.08"]
[Round "2"]
[White "Pommerehncke, Marla"]
[Black "Ignatova, Gabriela"]
[Result "1/2-1/2"]
[Termination "normal"]
[Board "13"]
[WhiteElo "1391"]
[BlackElo "1688"]
[WhiteClock "00:05:29"]
[BlackClock "00:23:23"]
[PlyCount "49"]
[WhiteFideId "34686347"]
[BlackFideId "34623698"]
[EventCountry "GER"]
[EventRounds "9"]
[EventType "swiss"]
[EventDate "2025.06.07"]

1. d4 {[%clk 01:30:57]} {[%emt 00:00:04]} Nf6 {[%clk 01:29:58]} {[%emt
00:01:02]} 2. Nf3 {[%clk 01:31:12]} {[%emt 00:00:15]} c6 {[%clk 01:29:55]}
{[%emt 00:00:34]} 3. Bf4 {[%clk 01:30:18]} {[%emt 00:01:23]} d5 {[%clk
01:29:54]} {[%emt 00:00:32]} 4. e3 {[%clk 01:30:07]} {[%emt 00:00:40]} e6
{[%clk 01:27:15]} {[%emt 00:03:09]} 5. c3 {[%clk 01:28:59]} {[%emt 00:01:37]}
Be7 {[%clk 01:25:34]} 6. h3 {[%clk 01:28:59]} Nbd7 {[%clk 01:25:34]} 7. Nbd2
{[%clk 01:28:59]} O-O {[%clk 01:25:34]} 8. Bd3 {[%clk 01:28:59]} c5 {[%clk
01:25:34]} 9. O-O {[%clk 01:28:59]} b6 {[%clk 01:25:34]} 10. Ne5 {[%clk
01:28:59]} Bb7 {[%clk 01:10:18]} {[%emt 00:41:40]} 11. Bg3 {[%clk 00:58:58]}
Nxe5 {[%clk 01:00:29]} {[%emt 00:21:37]} 12. dxe5 {[%clk 00:58:06]} Nd7 {[%clk
01:00:31]} {[%emt 00:01:51]} 13. Qg4 {[%clk 00:53:42]} Qc7 {[%clk 00:54:30]}
{[%emt 00:11:25]} 14. f4 {[%clk 00:45:59]} c4 {[%clk 00:48:24]} {[%emt
00:14:49]} 15. Bc2 {[%clk 00:45:34]} Rfe8 {[%clk 00:45:58]} {[%emt 00:03:50]}
16. Bh4 {[%clk 00:39:59]} Nc5 {[%clk 00:41:10]} {[%emt 00:11:24]} 17. Bf6
{[%clk 00:27:31]} Bf8 {[%clk 00:41:10]} 18. Rf3 {[%clk 00:27:31]} g6 {[%clk
00:41:10]} 19. Rg3 {[%clk 00:27:31]} b5 {[%clk 00:32:42]} {[%emt 00:31:21]} 20.
Nf3 {[%clk 00:14:39]} a5 {[%clk 00:30:11]} {[%emt 00:08:58]} 21. Ng5 {[%clk
00:12:28]} Nd3 {[%clk 00:27:30]} {[%emt 00:05:52]} 22. Nxh7 {[%clk 00:09:58]}
Kxh7 {[%clk 00:22:48]} {[%emt 00:08:11]} 23. Qh4+ {[%clk 00:10:16]} Bh6 {[%clk
00:23:05]} {[%emt 00:00:26]} 24. Bg5 {[%clk 00:10:29]} Rh8 {[%clk 00:23:23]}
{[%emt 00:00:28]} 25. Bxh6 {[%clk 00:05:29]} 1/2-1/2

[Event "DEM U16w 2025"]
[Site "Willingen GER"]
[Date "2025.06.08"]
[Round "2"]
[White "Boronina, Kseniia"]
[Black "Rabe, Elina"]
[Result "1/2-1/2"]
[Termination "normal"]
[Board "14"]
[WhiteElo "1691"]
[BlackElo "1507"]
[WhiteClock "00:08:14"]
[BlackClock "00:48:06"]
[PlyCount "50"]
[WhiteFideId "34308768"]
[BlackFideId "34623531"]
[EventCountry "GER"]
[EventRounds "9"]
[EventType "swiss"]
[EventDate "2025.06.07"]

1. e4 {[%clk 01:30:58]} {[%emt 00:00:02]} d5 {[%clk 01:30:55]} {[%emt
00:00:06]} 2. exd5 {[%clk 01:31:23]} {[%emt 00:00:04]} Qxd5 {[%clk 01:31:23]}
{[%emt 00:00:02]} 3. Nf3 {[%clk 01:31:44]} {[%emt 00:00:10]} Nf6 {[%clk
01:31:43]} {[%emt 00:00:10]} 4. Nc3 {[%clk 01:32:01]} {[%emt 00:00:13]} Qd6
{[%clk 01:32:03]} {[%emt 00:00:09]} 5. Be2 {[%clk 01:31:30]} {[%emt 00:01:01]}
a6 {[%clk 01:32:27]} {[%emt 00:00:07]} 6. d4 {[%clk 01:30:38]} {[%emt
00:01:22]} g6 {[%clk 01:32:29]} {[%emt 00:00:28]} 7. h3 {[%clk 01:30:16]}
{[%emt 00:00:52]} Bg7 {[%clk 01:32:45]} {[%emt 00:00:13]} 8. Be3 {[%clk
01:30:25]} {[%emt 00:00:21]} b5 {[%clk 01:32:14]} {[%emt 00:01:01]} 9. Nd2
{[%clk 01:06:45]} {[%emt 00:24:10]} Bb7 {[%clk 01:30:43]} {[%emt 00:02:02]} 10.
Bf3 {[%clk 01:05:30]} {[%emt 00:01:45]} Nc6 {[%clk 01:28:22]} {[%emt 00:02:50]}
11. O-O {[%clk 01:02:11]} {[%emt 00:03:49]} O-O {[%clk 01:27:14]} {[%emt
00:01:38]} 12. Nce4 {[%clk 00:57:57]} {[%emt 00:04:45]} Nxe4 {[%clk 01:26:53]}
{[%emt 00:00:51]} 13. Nxe4 {[%clk 00:58:21]} {[%emt 00:00:05]} Qd8 {[%clk
01:21:40]} {[%emt 00:05:44]} 14. Nc5 {[%clk 00:57:08]} {[%emt 00:01:43]} Qc8
{[%clk 01:18:43]} {[%emt 00:03:27]} 15. Nxb7 {[%clk 00:48:01]} {[%emt
00:09:38]} Qxb7 {[%clk 01:19:11]} {[%emt 00:00:01]} 16. Qd3 {[%clk 00:47:49]}
{[%emt 00:00:43]} Rad8 {[%clk 01:15:41]} {[%emt 00:03:59]} 17. Qe4 {[%clk
00:45:00]} {[%emt 00:03:18]} Rd6 {[%clk 01:10:41]} {[%emt 00:05:31]} 18. c3
{[%clk 00:32:24]} {[%emt 00:13:07]} e5 {[%clk 01:01:24]} {[%emt 00:09:47]} 19.
Qc2 {[%clk 00:24:52]} {[%emt 00:08:02]} Qc8 {[%clk 00:57:13]} {[%emt 00:04:41]}
20. dxe5 {[%clk 00:22:12]} {[%emt 00:03:11]} Nxe5 {[%clk 00:54:43]} {[%emt
00:02:59]} 21. Be2 {[%clk 00:13:51]} {[%emt 00:08:51]} Re8 {[%clk 00:51:35]}
{[%emt 00:03:38]} 22. Rad1 {[%emt 00:04:25]} Rxd1 {[%clk 00:50:44]} {[%emt
00:01:15]} 23. Rxd1 {[%clk 00:10:30]} {[%emt 00:00:01]} Rd8 {[%clk 00:50:57]}
{[%emt 00:00:17]} 24. Rxd8+ {[%clk 00:08:51]} {[%emt 00:02:10]} Qxd8 {[%clk
00:51:24]} {[%emt 00:00:02]} 25. Bd4 {[%clk 00:08:14]} {[%emt 00:01:08]} Qd5
{[%clk 00:48:06]} {[%emt 00:03:47]} 1/2-1/2